000 01138nam a2200337 a 4500
001 C01505444c-2
003 CO-ViMGA
005 20230915233130.0
008 151106s2012 mx a gr 00010dspa d
020 _a8498410304
020 _a9786071600066
040 _aCO-ViMGA
_bspa
_cCO-ViMGA
041 1 _hger
043 _ae-gx---
082 0 4 _a833.91
_bF85s1
_219
100 1 _aFunke, Cornelia,
_d1958-
_92705
245 1 0 _aSangre de tinta /
_cCornelia Funke ; traducción de Rosa Pilar Blanco.
250 _aTercera reimpresión.
260 _aMéxico D.F :
_bEdiciones Siruela :
_bFondo de Cultura Económica,
_c2012.
300 _a671 páginas :
_bilustraciones ;
_c21 cm.
490 1 _aA la orilla del viento ;
_v194
504 _aIncluye referencias bibliográficas (páginas 667-671)
534 _pTítulo original :
_tTintenblut.
650 1 4 _aAutores
_v Novela.
_93210
650 1 4 _aEncuadernación
_v Novela.
_93233
650 1 4 _aLibros y lectura
_v Novela.
_93232
650 1 4 _aMagia
_v Novela.
_92329
650 1 4 _aNovela alemana.
_93231
700 1 _aBlanco, Rosa Pilar,
_etraductora.
_92706
942 _2ddc
_cBK
999 _c7024
_d7024